<?xml version="1.0" encoding="UTF-8"?>
<record
    xmlns:xsi="http://www.w3.org/2001/XMLSchema-instance"
    xsi:schemaLocation="http://www.loc.gov/MARC21/slim http://www.loc.gov/standards/marcxml/schema/MARC21slim.xsd"
    xmlns="http://www.loc.gov/MARC21/slim">

  <leader>00455nam a22001697a 4500</leader>
  <controlfield tag="005">20260327144829.0</controlfield>
  <controlfield tag="008">260327b        |||||||| |||| 00| 0 eng d</controlfield>
  <datafield tag="020" ind1=" " ind2=" ">
    <subfield code="a">97881-203-0668-4</subfield>
  </datafield>
  <datafield tag="050" ind1=" " ind2=" ">
    <subfield code="a">QR 51.R36 2023</subfield>
  </datafield>
  <datafield tag="100" ind1=" " ind2=" ">
    <subfield code="a">RANGASWAMI G.</subfield>
  </datafield>
  <datafield tag="245" ind1=" " ind2=" ">
    <subfield code="a">AGRICULTURAL MICROBIOLOGY</subfield>
  </datafield>
  <datafield tag="260" ind1=" " ind2=" ">
    <subfield code="a">DELHI</subfield>
    <subfield code="b">PHI LEARNING PRIVATE LIMITED</subfield>
    <subfield code="c">2023</subfield>
  </datafield>
  <datafield tag="300" ind1=" " ind2=" ">
    <subfield code="a">X,422</subfield>
  </datafield>
  <datafield tag="500" ind1=" " ind2=" ">
    <subfield code="a">INCLUDES AN INDEX</subfield>
  </datafield>
  <datafield tag="650" ind1=" " ind2=" ">
    <subfield code="a">Agricultural microbiology</subfield>
  </datafield>
  <datafield tag="942" ind1=" " ind2=" ">
    <subfield code="2">lcc</subfield>
    <subfield code="c">BK</subfield>
  </datafield>
  <datafield tag="999" ind1=" " ind2=" ">
    <subfield code="c">216885</subfield>
    <subfield code="d">216885</subfield>
  </datafield>
  <datafield tag="952" ind1=" " ind2=" ">
    <subfield code="0">0</subfield>
    <subfield code="1">0</subfield>
    <subfield code="2">lcc</subfield>
    <subfield code="4">0</subfield>
    <subfield code="6">QR0051 R36  02023</subfield>
    <subfield code="7">0</subfield>
    <subfield code="8">SCT</subfield>
    <subfield code="9">376531</subfield>
    <subfield code="a">KSUL</subfield>
    <subfield code="b">KSUL</subfield>
    <subfield code="c">DISPLAY</subfield>
    <subfield code="d">2026-03-27</subfield>
    <subfield code="i">112626</subfield>
    <subfield code="l">0</subfield>
    <subfield code="o">QR 51.R36 2023</subfield>
    <subfield code="p">A001380</subfield>
    <subfield code="r">2026-03-27 14:54:00</subfield>
    <subfield code="t">C.1</subfield>
    <subfield code="w">2026-03-27</subfield>
    <subfield code="y">BK</subfield>
  </datafield>
  <datafield tag="952" ind1=" " ind2=" ">
    <subfield code="0">0</subfield>
    <subfield code="1">0</subfield>
    <subfield code="2">lcc</subfield>
    <subfield code="4">0</subfield>
    <subfield code="6">QR0051 R36  02023</subfield>
    <subfield code="7">0</subfield>
    <subfield code="8">SCT</subfield>
    <subfield code="9">376532</subfield>
    <subfield code="a">KSUL</subfield>
    <subfield code="b">KSUL</subfield>
    <subfield code="c">DISPLAY</subfield>
    <subfield code="d">2026-03-27</subfield>
    <subfield code="i">112627</subfield>
    <subfield code="l">0</subfield>
    <subfield code="o">QR 51.R36 2023</subfield>
    <subfield code="p">A001379</subfield>
    <subfield code="r">2026-03-27 14:54:00</subfield>
    <subfield code="t">C.2</subfield>
    <subfield code="w">2026-03-27</subfield>
    <subfield code="y">BK</subfield>
  </datafield>
  <datafield tag="952" ind1=" " ind2=" ">
    <subfield code="0">0</subfield>
    <subfield code="1">0</subfield>
    <subfield code="2">lcc</subfield>
    <subfield code="4">0</subfield>
    <subfield code="6">QR0051 R36  02023</subfield>
    <subfield code="7">0</subfield>
    <subfield code="8">SCT</subfield>
    <subfield code="9">376533</subfield>
    <subfield code="a">KSUL</subfield>
    <subfield code="b">KSUL</subfield>
    <subfield code="c">DISPLAY</subfield>
    <subfield code="d">2026-03-27</subfield>
    <subfield code="i">112628</subfield>
    <subfield code="l">0</subfield>
    <subfield code="o">QR 51.R36 2023</subfield>
    <subfield code="p">A001377</subfield>
    <subfield code="r">2026-03-27 14:54:00</subfield>
    <subfield code="t">C.3</subfield>
    <subfield code="w">2026-03-27</subfield>
    <subfield code="y">BK</subfield>
  </datafield>
  <datafield tag="952" ind1=" " ind2=" ">
    <subfield code="0">0</subfield>
    <subfield code="1">0</subfield>
    <subfield code="2">lcc</subfield>
    <subfield code="4">0</subfield>
    <subfield code="6">QR0051 R36  02023</subfield>
    <subfield code="7">0</subfield>
    <subfield code="8">SCT</subfield>
    <subfield code="9">376534</subfield>
    <subfield code="a">KSUL</subfield>
    <subfield code="b">KSUL</subfield>
    <subfield code="c">DISPLAY</subfield>
    <subfield code="d">2026-03-27</subfield>
    <subfield code="i">112629</subfield>
    <subfield code="l">0</subfield>
    <subfield code="o">QR 51.R36 2023</subfield>
    <subfield code="p">A001378</subfield>
    <subfield code="r">2026-03-27 14:54:00</subfield>
    <subfield code="t">C.4</subfield>
    <subfield code="w">2026-03-27</subfield>
    <subfield code="y">BK</subfield>
  </datafield>
</record>
